| 000 | 00448nam a2200169 a 4500 | ||
|---|---|---|---|
| 001 | 2183 | ||
| 003 | CDMR | ||
| 005 | 20131007163820.0 | ||
| 008 | 130130s1979||||||||||||||||||||||||||||d | ||
| 020 | _a8470800523 | ||
| 040 |
_aCDMR _bcat _cCDMR |
||
| 100 | 1 |
_aCampillo, Maria _91626 |
|
| 245 | 1 | 3 |
_aLa premsa a Barcelona _cMaria Campillo, Esther Centelles _b: 1936-1939 |
| 260 |
_aBarcelona _c1979 _bLa Gaya Ciencia |
||
| 300 | _a240 p. | ||
| 942 |
_cMON _2udc |
||
| 999 |
_c2183 _d2183 |
||